Ξεφλουδίζοντας το κρεμμύδι
Αποθηκεύτηκε σε:
| Κύριος συγγραφέας: | |
|---|---|
| Άλλοι συγγραφείς: | |
| Μορφή: | Βιβλίο |
| Γλώσσα: | Greek German |
| Δημοσίευση: |
[Αθήνα] :
Εκδόσεις Οδυσσέας,
2007.
|
| Θέματα: | |
| Ετικέτες: |
Προσθήκη ετικέτας
Δεν υπάρχουν, Καταχωρήστε ετικέτα πρώτοι!
|
MARC
| LEADER | 00000cam a2200000 a 4500 | ||
|---|---|---|---|
| 001 | 1/116951 | ||
| 008 | 180704t2007####gr | ||| |||| ||gre|| | ||
| 020 | |a 9789602105221 | ||
| 040 | |a GR-MyUa |b gre |c GR-MyUa |e AACR2 | ||
| 041 | 1 | |a gre |h ger | |
| 082 | 7 | |a 833 |2 (23) | |
| 100 | 1 | |a Grass, Günter, |d 1927-2015. | |
| 245 | 1 | 0 | |a Ξεφλουδίζοντας το κρεμμύδι / |c Γκύντερ Γκράς ; μετάφραση από τα γερμανικά Τούλα Σιετή. |
| 260 | |a [Αθήνα] : |b Εκδόσεις Οδυσσέας, |c 2007. | ||
| 300 | |a 461 σ. ; |c 22 εκ. | ||
| 534 | |p Μετάφραση του : |t Beim Häuten der Zwiebel. | ||
| 600 | 1 | 0 | |a Grass, Günter, |d 1927-2015. |
| 650 | 0 | |a Authors, German |y 20th century |x Biography. | |
| 650 | 0 | |a German fiction |y 20th century. | |
| 700 | 1 | |a Σιετή, Τούλα, |e trlf | |
| 852 | |a INST |b SAMOS |e 20180704 |h 833 GRA |p 005300045533 |q 005300045533 |t BK |y 0 | ||
| 970 | |a Φιλιππή |b Φάλη |z 04-07-2018 | ||